00358nam a2200145Ia 4500008004100000020001800041082001500059100001500074245002300089250000600112260003900118300001500157500002400172650001600196230524s9999 xx 000 0 und d a9789380578545 a519.4bRAO aH.S.G. Rao 0aNumerical Methods a1 aNew DelhibI.K.Internationalc2011 a"XV,407p;" aQuantity Number: 1 aMathamatics